Fisiología ecológica y evolutiva: teoría y casos de estudios en animales

Na minha lista:
Detalhes bibliográficos
Autor principal: Bozinovic, Francisco
Formato: Livro
Idioma:espanhol
Publicado em: Santiago, Chile Universidad Católica de Chile 2003
Assuntos:
Tags: Adicionar Tag
Sem tags, seja o primeiro a adicionar uma tag!

MARC

LEADER 00000nam a2200000 a 4500
001 UCK6713
003 CL-VaPUC
005 20211028074321.0
008 051014e20030000CL |||||||||||||||||spa|d
999 |c 314905  |d 314903 
020 |a 9561406977 
040 |c Pontificia Universidad Católica de Valparaíso 
082 0 4 |a 571.01 BOZ 2003  |2 21 
100 0 |a Bozinovic, Francisco  |9 496152 
245 1 0 |a Fisiología ecológica y evolutiva: teoría y casos de estudios en animales 
260 0 3 |a Santiago, Chile  |b Universidad Católica de Chile  |c 2003 
300 |a 531 páginas 
583 |a last modification  |c 20051014 00:00:00  |k Rodrigo Vera 
650 7 |a FISIOLOGIA  |2 CL-VaPUC  |9 496153 
650 0 |a Zoología  |9 261613 
650 0 |a Filosofía de las ciencias  |9 256466 
650 0 |a Ecología   |9 258124 
650 7 |a COMPORTAMIENTO ANIMAL  |2 CL-VaPUC  |9 334602 
942 |c BK  |2 ddc 
945 |d 20051014 00:00:00  |a cmena 
952 |0 0  |1 0  |2 ddc  |4 0  |6 571_010000000000000_BOZ_2003  |7 0  |8 A  |9 387703  |a BIBCUR  |b BIBCUR  |d 2019-11-22  |i 4174577  |l 5  |m 1  |o 571.01 BOZ 2003  |p 4174577  |r 2025-04-22  |s 2024-06-13  |t 1  |w 2019-11-22  |y BK  |k BIO